Building geometry and drawing (Record no. 77808)

MARC details
000 -LEADER
fixed length control field 01349nam a2200229 a 4500
008 - FIXED-LENGTH DATA ELEMENTS--GENERAL INFORMATION
fixed length control field 120416s1985 ||||||||||||||||| || u
020 ## - INTERNATIONAL STANDARD BOOK NUMBER
International Standard Book Number 0582410797
050 ## - LIBRARY OF CONGRESS CALL NUMBER
Classification number T 355 Hil
100 ## - MAIN ENTRY--PERSONAL NAME
Personal name Hilton, Frank
245 10 - TITLE STATEMENT
Title Building geometry and drawing
250 ## - EDITION STATEMENT
Edition statement metric ed.
260 ## - PUBLICATION, DISTRIBUTION, ETC.
Place of publication, distribution, etc. London
Name of publisher, distributor, etc. Longman
Date of publication, distribution, etc. 1985
300 ## - PHYSICAL DESCRIPTION
Extent [v], 168p. : ill.
350 ## -
-- 0.00
650 ## - SUBJECT ADDED ENTRY--TOPICAL TERM
Topical term or geographic name entry element STRUCTURAL DRAWING
995 ## -
-- MAIN LIBRARY OPEN ACCESS
-- 0.00
-- 714203
-- CBU-MAIN LIBRARY (Kitwe)
-- 2
-- 4.95
-- T 355 Hil
-- 1
-- AVAILABLE
-- 013724
-- Main Library Open Access Collection
995 ## -
-- ANNEX COLLECTION (Main Library)
-- 0.00
-- 714202
-- CBU-MAIN LIBRARY (Kitwe)
-- 5
-- 4.95
-- T 355 Hil
-- 3
-- AVAILABLE
-- 013726
-- Annex Low-Usage Collection
995 ## -
-- ANNEX COLLECTION (Main Library)
-- 0.00
-- 709652
-- CBU-MAIN LIBRARY (Kitwe)
-- 4
-- 4.95
-- T 355 Hil
-- 5
-- AVAILABLE
-- 013728
-- Annex Low-Usage Collection
995 ## -
-- ANNEX COLLECTION (Main Library)
-- 0.00
-- 714201
-- CBU-MAIN LIBRARY (Kitwe)
-- 6
-- 4.95
-- T 355 Hil
-- 4
-- AVAILABLE
-- 013727
-- Annex Low-Usage Collection
995 ## -
-- ANNEX COLLECTION (Main Library)
-- 0.00
-- 714204
-- CBU-MAIN LIBRARY (Kitwe)
-- 3
-- 4.95
-- T 355 Hil
-- 6
-- AVAILABLE
-- 013729
-- Annex Low-Usage Collection
995 ## -
-- MAIN LIBRARY OPEN ACCESS
-- 0.00
-- 714856
-- CBU-MAIN LIBRARY (Kitwe)
-- 1
-- 4.95
-- T 355 Hil
-- 2
-- AVAILABLE
-- 013725
-- Main Library Open Access Collection
999 ## -
-- 77808
-- 77808
Holdings
Withdrawn status Lost status Source of classification or shelving scheme Damaged status Not for loan Permanent Location Current Location Shelving location Date acquired Total Checkouts Full call number Barcode Date last seen Copy number Price effective from Koha item type
          CBU-MAIN LIBRARY, KITWE. CBU-MAIN LIBRARY, KITWE.   05/03/2023   T 355 Hil 013724 05/03/2023 1 05/03/2023 MONOGRAPH
Withdrawn         CBU-MAIN LIBRARY, KITWE. CBU-MAIN LIBRARY, KITWE.   05/03/2023   T 355 Hil 013726 05/03/2023 2 05/03/2023 MONOGRAPH
          CBU-MAIN LIBRARY, KITWE. CBU-MAIN LIBRARY, KITWE.   05/03/2023   T 355 Hil 013728 05/03/2023 3 05/03/2023 MONOGRAPH
Withdrawn         CBU-MAIN LIBRARY, KITWE. CBU-MAIN LIBRARY, KITWE.   05/03/2023   T 355 Hil 013727 05/03/2023 4 05/03/2023 MONOGRAPH
          CBU-MAIN LIBRARY, KITWE. CBU-MAIN LIBRARY, KITWE.   05/03/2023   T 355 Hil 013729 05/03/2023 5 05/03/2023 MONOGRAPH
          CBU-MAIN LIBRARY, KITWE. CBU-MAIN LIBRARY, KITWE.   05/03/2023   T 355 Hil 013725 05/03/2023 6 05/03/2023 MONOGRAPH